000 01678nam a22003857a 4500
001 0065990
003 KOHA_MİRAKIL
005 20260207004624.0
007 ta
008 210304b1995 tu |||gr||||#0|||0|tur |
040 _aTR-BiSEU
_btur
_cTR-BiSEU
_erda
041 0 _atur
044 _ctu
050 _aBX4715.22
_b.B49 1995
100 1 _aBeydilli, Kemal.
240 1 0 _aRecognition of the Armenian Catholic community and the church in the reign of Mahmud II (1830)
_lTürkçe
245 1 _aII. Mahmud Devri'nde Katolik Ermeni Cemâati ve Kilisesi'nin tanınması (1830) =
_bRecognition of the Armenian Catholic community and the church in the reign of Mahmud II (1830)/
_cKemal Beydilli ; Kemal Beydilli.
264 1 _a[Cambridge, MA] :
_bHarvard Üniversitesi Yakındoğu Dilleri ve Medeniyetleri Bölümü
_c1995
300 _axii, 298 sayfa; 28 cm.
336 _ametin
_btxt
_2rdacontent
337 _aaracısız
_bn
_2rdamedia
338 _acilt
_bnc
_2rdacarrier
490 1 _aDoğu dilleri ve edebiyatlarının kaynakları ;
_v27.
490 1 _a Türkçe kaynaklar ;
_v24 =
_a Sources of Oriental languages and literatures ;
_v27.
490 1 _a Turkic sources ;
_v24
500 _aKaynakça ve dizin var.
650 0 _aCatholic Church--Armenian rite--Turkey.
_9124291
650 0 _aChristians--Turkey--History--19th century.
_9124292
650 0 _aTurkey--Ethnic relations.
_915794
830 1 _aDoğu dilleri ve edebiyatlarının kaynakları ;
_v27.
_985097
830 1 _a Türkçe kaynaklar ;
_v24 =
_a Sources of Oriental languages and literatures ;
_v27.
_9124189
830 1 _a Turkic sources ;
_v24
_9124293
907 _aDin
942 _2lcc
_cBK
999 _c66373
_d66373